00422pab a2200133 454500008003600000100002200036245010500058650000900163650002000172650001600192650003100208700001600239773003300255180718b xxu||||| |||| 00| 0 eng d aConnolly, Michael aPolicy differences within the United Kingdom: the case of housing policy in Northern Ireland 1979-89 a U.K a Housing Policy a Case Study aHousing - Northern Ireland aKnox, Colin aPublic Administration (U.K.)